[Event "Titled Tue 24th Sep Late"]
[Site "chess.com INT"]
[Date "2024.09.24"]
[Round "8"]
[White "Nakamura,Hi"]
[Black "Terry,R"]
[Result "1-0"]
[WhiteElo "2802"]
[BlackElo "2508"]

1.d4 e6 2.c4 Bb4+ 3.Nd2 Nf6 4.Nf3 a5 5.a3 Bxd2+ 6.Nxd2 d6 7.b3 e5 8.Bb2 Qe7
9.e3 O-O 10.Be2 e4 11.g4 Re8 12.Nf1 c6 13.g5 Nfd7 14.h4 d5 15.Ng3 Nf8 16.a4 Na6
17.Ba3 Nb4 18.Qd2 Be6 19.Bxb4 axb4 20.c5 f5 21.Qxb4 Ng6 22.Bh5 f4 23.Ne2 fxe3
24.fxe3 Rf8 25.Bxg6 hxg6 26.Nf4 Bg4 27.Kd2 Rxf4 28.exf4 e3+ 29.Kc3 e2 30.Kb2 Rf8
31.Rhe1 Qe3 32.Qc3 Qe4 33.a5 Rxf4 34.a6 bxa6 35.Rxa6 Rf1 36.Raa1 Rf3 37.Qb4 Kh7
38.Ra8 Qd3 39.Qb8 Bc8 40.Qb4 Bf5 41.Ka3 Qc2 42.Re8 Be4 43.Qb8  1-0

[Event "Titled Tue 24th Sep Early"]
[Site "chess.com INT"]
[Date "2024.09.24"]
[Round "8"]
[White "Nakamura,Hi"]
[Black "Shankland,S"]
[Result "1-0"]
[WhiteElo "2802"]
[BlackElo "2677"]

1.Nf3 c5 2.e4 d6 3.c3 Nf6 4.Bd3 g6 5.Bc2 Nc6 6.O-O Bg7 7.h3 O-O 8.Re1 e5
9.a3 Re8 10.b4 b6 11.d3 Bb7 12.Nbd2 Qc7 13.Nf1 Rad8 14.Bg5 Ne7 15.Ba4 Rf8
16.c4 h6 17.Bd2 Nh5 18.Ne3 Nf4 19.Bc2 f5 20.Nd5 Nexd5 21.cxd5 fxe4 22.dxe4 Bc8
23.bxc5 bxc5 24.Re3 h5 25.Rb3 Bh6 26.Rab1 Qf7 27.Be3 g5 28.Kh1 Nxh3 29.gxh3 Qxf3+
30.Qxf3 Rxf3 31.Rb8 Rdf8 32.Kg1 Rxh3 33.Bd3 Rh4 34.f3 Rh3 35.Be2 Bg7 36.Ra8 g4
37.Rbb8 Bd7 38.Rxf8+ Bxf8 39.Rxa7 Be8 40.Kg2 Bg6 41.Bg5 h4 42.Bf6 Rg3+ 43.Kf2 gxf3
44.Bxf3 Rh3 45.Bg4 Rh2+ 46.Kg1  1-0

[Event "Titled Tue 24th Sep Early"]
[Site "chess.com INT"]
[Date "2024.09.24"]
[Round "9"]
[White "Nakamura,Hi"]
[Black "Vetoshko,V"]
[Result "1-0"]
[WhiteElo "2802"]
[BlackElo "2506"]

1.Nf3 d5 2.g3 Nd7 3.d4 Nb6 4.Bg2 Bf5 5.Nc3 e6 6.Nh4 Bg4 7.a4 a5 8.Qd3 Be7
9.e4 Bxh4 10.gxh4 Qxh4 11.Nb5 Rc8 12.Bf4 dxe4 13.Qb3 Nd5 14.Bg3 Qe7 15.Na7 Ra8
16.Qxb7 Qb4+ 17.Qxb4 Nxb4 18.Nb5 Nxc2+ 19.Kd2 Nxa1 20.Nxc7+ Kd7 21.Nxa8 Nb3+
22.Kc3 Nf6 23.Nb6+ Kc6 24.Nc4 Nxd4 25.Kxd4 Rd8+ 26.Kc3 Rd3+ 27.Kc2 Bf3 28.Ne5+  1-0

[Event "Titled Tue 24th Sep Late"]
[Site "chess.com INT"]
[Date "2024.09.24"]
[Round "9"]
[White "Carlsen,M"]
[Black "Nakamura,Hi"]
[Result "0-1"]
[WhiteElo "2832"]
[BlackElo "2802"]

1.Nf3 d5 2.g3 g6 3.Bg2 Bg7 4.d4 Nd7 5.O-O Ngf6 6.Nbd2 c5 7.c4 O-O 8.cxd5 Nxd5
9.e4 Nb4 10.a3 Nd3 11.Nc4 Nxc1 12.Rxc1 cxd4 13.e5 Nb6 14.Na5 Nd7 15.Nc4 Nb6
16.Na5 Bh6 17.Ra1 d3 18.b4 Rb8 19.h4 Bg4 20.Qb3 d2 21.Rad1 e6 22.Qa2 Qd3
23.Rxd2 Bxd2 24.Nxd2 Bf5 25.Nxb7 Na4 26.Nc4 Nc3 27.Qd2 Qxc4 28.Nd6 Qc7 29.h5 Nb5
30.Rc1 Qe7 31.Rc5 Rfd8 32.h6 Nxd6 33.exd6 Qxd6 34.Qc3 Qd4 35.Qxd4 Rxd4 36.Rc7 a5
37.bxa5 Ra4 38.Rc5 Be4 39.Bf1 Kf8  0-1

[Event "Titled Tue 24th Sep Early"]
[Site "chess.com INT"]
[Date "2024.09.24"]
[Round "10"]
[White "Iniyan,Pa"]
[Black "Nakamura,Hi"]
[Result "0-1"]
[WhiteElo "2524"]
[BlackElo "2802"]

1.c4 e5 2.Nc3 Nf6 3.Nf3 Nc6 4.d3 Bb4 5.Bd2 a5 6.g3 d6 7.Bg2 O-O 8.O-O Re8
9.Nd5 Bxd2 10.Nxd2 Nd7 11.Rb1 Nd4 12.Nc3 Nc5 13.Nde4 c6 14.e3 Nde6 15.d4 Nxe4
16.Nxe4 f5 17.Nc3 e4 18.f3 exf3 19.Qxf3 g6 20.h4 Bd7 21.Rbd1 Qe7 22.e4 Ng7
23.Rfe1 Qf7 24.Qf4 Qf8 25.Kh2 Nh5 26.Qg5 Nf6 27.Rf1 Qg7 28.exf5 Bxf5 29.Bh3 h6
30.Qf4 Nh5 31.Qxd6 Rad8 32.Qc5 Bxh3 33.Kxh3 Qd7+ 34.Kh2 Qg4 35.Rg1 Re3 36.Qxa5 Rf8
37.Qc7 Rf2+ 38.Rg2 Rxg2+ 39.Kxg2 Rxg3+  0-1

[Event "Titled Tue 24th Sep Late"]
[Site "chess.com INT"]
[Date "2024.09.24"]
[Round "10"]
[White "Niemann,Hans Moke"]
[Black "Nakamura,Hi"]
[Result "0-1"]
[WhiteElo "2733"]
[BlackElo "2802"]

1.e4 e5 2.Nf3 Nc6 3.Bc4 Bc5 4.d3 Nf6 5.c3 d6 6.O-O h6 7.Re1 O-O 8.Nbd2 Bb6
9.h3 a5 10.Bb3 Be6 11.Ba4 Nd7 12.Nf1 f5 13.exf5 Bxf5 14.Ng3 Bg6 15.d4 exd4
16.cxd4 Nb4 17.Bb3+ Kh8 18.Be3 Nf6 19.Qd2 a4 20.Bd1 Ba5 21.Bxh6 Nh7 22.Re6 Nd5
23.Qc1 Rf6 24.Rxf6 Qxf6 25.Bd2 Bb6 26.Bc2 Nf8 27.Ne4 Qe7 28.Neg5 Qf6 29.Bxg6 Qxg6
30.Qc4 c6 31.Re1 a3 32.bxa3 Rxa3 33.Qe2 Kg8 34.Nh4 Qh6 35.Qe8 Qf6 36.Re6 Nc7
37.Rxf6 Nxe8 38.Rf7 Bxd4 39.Nf5 Bf6 40.Rxb7 Rxa2 41.Ne4 Be5 42.f4 Bf6 43.Nxf6+ gxf6
44.Be3 c5 45.Re7 Ra8 46.Nh6+ Kh8 47.f5 Nh7 48.h4 Rc8 49.g4 d5 50.g5 d4 51.g6 Nf8  0-1

[Event "Titled Tue 24th Sep Early"]
[Site "chess.com INT"]
[Date "2024.09.24"]
[Round "11"]
[White "Nakamura,Hi"]
[Black "Svane,Frederik"]
[Result "1/2-1/2"]
[WhiteElo "2802"]
[BlackElo "2640"]

1.e4 c5 2.Nf3 d6 3.c3 Nf6 4.Bd3 Nc6 5.Bc2 e5 6.O-O Be7 7.a3 O-O 8.b4 a6 9.d3 b5
10.Nbd2 Re8 11.Re1 Bf8 12.Nf1 h6 13.Bb3 Be6 14.Ne3 d5 15.exd5 Nxd5 16.Nxd5 Bxd5
17.Bc2 Rc8 18.Nd2 a5 19.bxc5 Bxc5 20.Ne4 Bf8 21.Bd2 Qd7 22.Qe2 b4 23.axb4 axb4
24.Ba4 bxc3 25.Nxc3 Red8 26.Be3 Be6 27.Bb6 Re8 28.Qf3 Qd6 29.Nb5 Qb8 30.Bc7 Qa8
31.Qg3 Qb7 32.Bd6 Red8 33.Bxf8 Kxf8 34.Reb1 Qe7 35.Qe3 Qg5 36.Qc5+ Qe7 37.Qe3 Qg5
38.Qe1 Bd5 39.g3 Kg8 40.Rc1 Rb8 41.Rab1 Qf5 42.Qe3 Qh3 43.f3 Qf5 44.Bd1 Qd7
45.Be2 Rb7 46.Nc3 Rxb1 47.Rxb1 Be6 48.Bf1 Qd4 49.Qxd4 Nxd4 50.Kf2 Rc8 51.Ne2 Rc2
52.Ke3 Nf5+ 53.Ke4 Rc5 54.f4 Nd6+ 55.Ke3 Nf5+ 56.Kd2 exf4 57.Nxf4 Nd4 58.Ke3 Nf5+
59.Kd2 Nd4 60.Rb4 Rc2+ 61.Ke3 Nf5+ 62.Kf3 g5 63.Nxe6 fxe6 64.d4 Rd2 65.Ke4 Kf7
66.Ke5 Rd1 67.Rb7+ Kg6 68.Be2 Re1 69.Rb2 h5 70.d5 exd5 71.Kxd5 Ne3+ 72.Kd4 Nf1
73.Bd3+ Kg7 74.Rb7+ Kf6 75.Rb6+ Kf7 76.Bg6+ Ke7 77.Bxh5 Nxh2 78.Rb2 Nf1 79.Rg2 Ne3
80.Rf2 Nf1 81.g4 Ne3 82.Rf3 Nc2+ 83.Kd3 Nb4+ 84.Kd2 Re5 85.Rf7+ Kd6 86.Bg6 Nd5
87.Bf5 Ne7 88.Bd3 Nd5 89.Rg7 Nf4 90.Bf5 Ne6 91.Rg6 Ke7 92.Rh6 Nd4 93.Bd3 Nf3+
94.Kc3 Re3 95.Rh3 Kd6 96.Rh8 Ke5 97.Rf8 Ne1 98.Rf5+ Ke6 99.Rxg5 Rxd3+ 100.Kc4 Rg3
101.Rg8 Nf3 102.Kd3 Kf7 103.Ra8 Rxg4 104.Ke3 Ne5 105.Ra7+ Ke6 106.Ra6+ Kf5
107.Ra8 Rg3+ 108.Kd2 Ke4 109.Ra4+ Kd5 110.Ra8 Nc4+ 111.Ke2 Ke4 112.Re8+ Ne5
113.Kf2 Rb3 114.Kg2 Rb7 115.Kg3 Rg7+ 116.Kf2 Rg6 117.Re7 Ra6 118.Re8 Ra2+
119.Kg3 Rd2 120.Re7 Rd3+ 121.Kf2 Kf4 122.Ke2 Ra3 123.Kd2 Nf3+ 124.Kc2 Nd4+
125.Kb2 Rd3 126.Re8 Nc6 127.Re6 Ne5 128.Re8 Ke4 129.Kc2 Rh3 130.Rd8 Nf3 131.Re8+ Kd5
132.Rd8+ Ke4 133.Re8+ Ne5 134.Kb2 Kd5 135.Rd8+ Kc4 136.Rc8+ Kd5 137.Rd8+ Kc5
138.Kc2 Nc4 139.Rc8+ Kd6 140.Rd8+ Kc5 141.Rc8+ Kd5 142.Rd8+ Kc5  1/2-1/2

[Event "Titled Tue 24th Sep Late"]
[Site "chess.com INT"]
[Date "2024.09.24"]
[Round "11"]
[White "Nakamura,Hi"]
[Black "Naroditsky,D"]
[Result "1/2-1/2"]
[WhiteElo "2802"]
[BlackElo "2619"]

1.e4 c5 2.f4 d5 3.Bb5+ Bd7 4.Bxd7+ Qxd7 5.d3 Nc6 6.Nf3 dxe4 7.dxe4 Qxd1+
8.Kxd1 Nf6 9.Nbd2 e5 10.g3 exf4 11.gxf4 O-O-O 12.Re1 Nh5 13.f5 g6 14.c3 gxf5
15.Kc2 Rg8 16.exf5 Rg2 17.Rg1 Rxg1 18.Nxg1 Rd5 19.Ndf3 Rxf5 20.Be3 Bd6 21.Rd1 Kc7
22.Ng5 Bxh2 23.Nxh7 Nf4 24.Bc1 Ne6 25.Nh3 f6 26.Rh1 Be5 27.Be3 Rh5 28.Nf2 Rxh1
29.Nxh1 Kd6 30.Nf2 Ke7 31.Ng4 Kf7 32.b4 cxb4 33.cxb4 Nxb4+ 34.Kb3 Nc6 35.Nxe5+ Nxe5
36.Bxa7 Kg7 37.Nxf6 Kxf6 38.Kb4 Nc6+ 39.Kb5 Nxa7+ 40.Kb6 Nd8 41.Kxa7 Ke6
42.a4 Kd6 43.Kb6 Kd7 44.a5 Kc8 45.a6 bxa6 46.Kxa6  1/2-1/2

[Event "Titled Tue 1st Oct Early"]
[Site "chess.com INT"]
[Date "2024.10.01"]
[Round "1"]
[White "Teterev,V"]
[Black "Nakamura,Hi"]
[Result "0-1"]
[WhiteElo "2257"]
[BlackElo "2802"]

1.e4 c5 2.Nf3 e6 3.g3 g6 4.Bg2 Bg7 5.O-O Nc6 6.c3 e5 7.d3 d6 8.a3 Nge7 9.b4 O-O
10.Be3 b6 11.Nbd2 h6 12.b5 Na5 13.d4 a6 14.a4 Qc7 15.dxe5 dxe5 16.c4 Be6
17.Qc2 axb5 18.axb5 f5 19.exf5 gxf5 20.Rfe1 Ng6 21.Rad1 e4 22.Nxe4 fxe4 23.Qxe4 Bf7
24.Nh4 Rae8 25.Qg4 Nxh4 26.Qxh4 Re5  0-1

[Event "Titled Tue 1st Oct Early"]
[Site "chess.com INT"]
[Date "2024.10.01"]
[Round "2"]
[White "Nakamura,Hi"]
[Black "Bodnaruk,A"]
[Result "1-0"]
[WhiteElo "2802"]
[BlackElo "2333"]

1.d4 Nf6 2.Bf4 g6 3.Nc3 d5 4.h4 h5 5.e3 Bg7 6.Nb5 Na6 7.c4 c6 8.Nc3 O-O 9.Nf3 Bg4
10.Qb3 dxc4 11.Bxc4 b5 12.Be2 Nc7 13.Ne5 Be6 14.Qc2 Bd7 15.e4 Rc8 16.Be3 Ne6
17.Rd1 c5 18.dxc5 Nxc5 19.Bxc5 Rxc5 20.Nxd7 Nxd7 21.Qd2 b4 22.Na4 Rc7 23.Qxb4 Qb8
24.Qxb8 Rxb8 25.b3 Ne5 26.Rh3 Rb4 27.Re3 Nc6 28.Nc3 e6 29.Nb5 Rc8 30.a3 Rxb5
31.Bxb5 Nd4 32.Bd3 Nxb3 33.Ba6 Rc3 34.Rxc3 Bxc3+ 35.Ke2 Nc5 36.Rc1 Bd4 37.Rc4 e5
38.Bc8 Nxe4 39.f3 Nd6 40.Rc6 Nb5 41.Ba6 Nc3+ 42.Kd3 Nd5 43.g3 Ne7 44.Rc7 Nd5
45.Rd7 Nf6 46.Rb7 Kf8 47.Bc4 Ke8 48.Bxf7+ Kd8 49.Bxg6 Nd7 50.Ke2 Nc5 51.Rxa7 Ne6
52.Rh7 Nc5 53.Be4 Ne6 54.Rxh5  1-0

[Event "Titled Tue 1st Oct Early"]
[Site "chess.com INT"]
[Date "2024.10.01"]
[Round "3"]
[White "Efimenko,Z"]
[Black "Nakamura,Hi"]
[Result "0-1"]
[WhiteElo "2568"]
[BlackElo "2802"]

1.Nf3 g6 2.g3 Bg7 3.d4 d6 4.b3 c5 5.Bb2 Nc6 6.e3 Bg4 7.Bg2 cxd4 8.exd4 d5
9.O-O e6 10.c3 Nf6 11.Nbd2 O-O 12.Re1 b5 13.h3 Bxf3 14.Bxf3 b4 15.c4 Rc8
16.Rc1 Bh6 17.Rc2 Ne7 18.Bg2 a5 19.Nf3 Bg7 20.Ne5 Qd6 21.Qe2 Nd7 22.Rec1 Bh6
23.Rd1 Rfd8 24.h4 dxc4 25.Nxc4 Qa6 26.d5 Nxd5 27.Bxd5 exd5 28.Rxd5 Re8 29.Qd1 Nf8
30.Qd4 f6 31.Kh2 Bg7 32.Rd6 Qb7 33.Qd5+ Qxd5 34.Rxd5 a4 35.bxa4 Re4 36.Rd4 Re7
37.a5 f5 38.Rdd2 Ra7 39.Bxg7 Kxg7  0-1

[Event "Titled Tue 1st Oct Early"]
[Site "chess.com INT"]
[Date "2024.10.01"]
[Round "4"]
[White "Galchenko,Matvey"]
[Black "Nakamura,Hi"]
[Result "0-1"]
[WhiteElo "2438"]
[BlackElo "2802"]

1.e4 c6 2.d4 d5 3.exd5 cxd5 4.Bd3 g6 5.h3 Nc6 6.c3 Bf5 7.Be2 e6 8.Nd2 g5
9.Ngf3 h6 10.Bb5 Bd6 11.Qe2 Ne7 12.O-O g4 13.hxg4 Bxg4 14.Qe3 Nf5 15.Qd3 Rg8
16.Re1 Qf6 17.Ne5 Ne7 18.Nf1 h5 19.Qe3 Bf5 20.Qh6 Qxh6 21.Bxh6 f6 22.Nxc6 bxc6
23.Be2 h4 24.Ne3 Be4 25.Ng4 Rg6 26.Bd2 Kd7 27.f3 Bf5 28.c4 Rag8 29.cxd5 Nxd5
30.Rac1 Bxg4 31.fxg4 f5 32.Rf1 R6g7 33.Bh6 Rh7 34.Bd2 h3 35.g5 hxg2 36.Rf2 Bg3
37.Rxg2 Bf4 38.Rd1 Bxd2 39.Rxd2 Nf4 40.Rg3 Rgh8 41.Bf3 Rh3 42.Kf2 Rg8 43.Rd1 Rh2+
44.Ke3 Nh3 45.Kd3 Nf2+ 46.Ke2 Nxd1+ 47.Kxd1 Rxb2  0-1

[Event "Titled Tue 1st Oct Early"]
[Site "chess.com INT"]
[Date "2024.10.01"]
[Round "5"]
[White "Nakamura,Hi"]
[Black "Korobov,A"]
[Result "0-1"]
[WhiteElo "2802"]
[BlackElo "2650"]

1.e4 c5 2.Nf3 d6 3.c3 Nf6 4.Bd3 g6 5.Bc2 Bg7 6.d4 cxd4 7.cxd4 d5 8.e5 Ne4
9.Nbd2 Bf5 10.Nh4 Nc6 11.Nxf5 gxf5 12.Nb3 e6 13.O-O h5 14.f3 Ng5 15.h4 Nh7
16.g3 Nf8 17.Bg5 Qb6 18.Kh2 Nd7 19.Rc1 a5 20.a4 Rc8 21.Bd3 O-O 22.Bb5 Rc7
23.Qd2 Rfc8 24.Rc3 Na7 25.Bxd7 Rxd7 26.Nc5 Rdc7 27.Bf6 Kh7 28.Bxg7 Kxg7 29.g4 f4
30.gxh5 Rh8 31.Rb3 Qc6 32.Rg1+ Kf8 33.Qg2 Ke8 34.Qg7 Rxh5 35.Rg4 b6 36.Rxf4 Rf5
37.Rxf5 exf5 38.h5 bxc5 39.h6 cxd4 40.h7 Qc2+ 41.Kh3 Qxb3 42.h8=Q+ Kd7 43.Qxf7+ Kc6
44.Qxf5 Kb7 45.e6 Nc6 46.Qff8 Qe3 47.e7 Rxe7  0-1

[Event "Titled Tue 1st Oct Early"]
[Site "chess.com INT"]
[Date "2024.10.01"]
[Round "6"]
[White "Nakamura,Hi"]
[Black "Dubov,Daniil"]
[Result "1-0"]
[WhiteElo "2802"]
[BlackElo "2693"]

1.e4 c5 2.c3 d5 3.exd5 Qxd5 4.Na3 Nc6 5.Nf3 Nf6 6.d4 e6 7.Be3 cxd4 8.Nb5 Qd8
9.Nbxd4 Nd5 10.Bd3 Be7 11.Qc2 Bd7 12.Rd1 Nxe3 13.fxe3 Qc7 14.O-O a6 15.Be4 O-O-O
16.Nxc6 Bxc6 17.Bxc6 Qxc6 18.Nd4 Qe8 19.b4 Kb8 20.c4 Bxb4 21.Rb1 Bc5 22.Qe4 Rd7
23.Qe5+ Rc7 24.Qxg7 Rg8 25.Qxh7 f5 26.Qh6 Bxd4 27.exd4 Rxc4 28.Qf4+ Ka8 29.Qf3 Qd7
30.Kh1 Rxd4 31.Rb6 Rd5 32.Rfb1 Rd8 33.h4 Rd1+ 34.Rxd1 Qxd1+ 35.Qxd1 Rxd1+
36.Kh2 e5 37.h5 Ka7 38.Re6 e4 39.h6 Rd7 40.Kg3 b5 41.Kf4 b4 42.Kxf5 a5 43.g4 a4
44.Rxe4 Rb7 45.g5 Rb5+ 46.Kg4 Rb7 47.g6  1-0

[Event "Titled Tue 1st Oct Early"]
[Site "chess.com INT"]
[Date "2024.10.01"]
[Round "7"]
[White "Gurel,Ediz"]
[Black "Nakamura,Hi"]
[Result "0-1"]
[WhiteElo "2602"]
[BlackElo "2802"]

1.e4 c6 2.Nf3 d5 3.Nc3 Bg4 4.h3 Bxf3 5.Qxf3 e6 6.g3 g6 7.Bg2 Bg7 8.O-O Ne7
9.d3 O-O 10.Qe2 a5 11.f4 a4 12.a3 c5 13.e5 Nbc6 14.Kh2 Nd4 15.Qf2 b5 16.g4 f6
17.exf6 Bxf6 18.Be3 Nec6 19.Qd2 Kh8 20.g5 Bg7 21.Rae1 Qd6 22.Kh1 b4 23.Nd1 Nf5
24.Bf2 Rae8 25.c3 b3 26.Ne3 Qxf4 27.Qc1 Ng3+ 28.Bxg3 Qxg3 29.Ng4 Rxf1+ 30.Rxf1 Ne5
31.Nf6 Rf8 32.d4 cxd4 33.cxd4 Nc4 34.Rf3 Qh4 35.Rf4 Qg3 36.Rf3 Qd6 37.Bf1 Rc8
38.Qe1 e5 39.Qh4 Bxf6 40.gxf6 e4 41.Rf4 Ne3 42.Qh6 Qf8 43.Qg5 Nf5 44.h4 Rc6
45.Bh3 Qxf6 46.Bxf5 Qxg5 47.hxg5 gxf5 48.Rxf5 Rc2 49.Rxd5 Rxb2  0-1

[Event "Titled Tue 1st Oct Early"]
[Site "chess.com INT"]
[Date "2024.10.01"]
[Round "8"]
[White "Nakamura,Hi"]
[Black "Svane,R"]
[Result "1-0"]
[WhiteElo "2802"]
[BlackElo "2629"]

1.e4 c6 2.d4 d5 3.e5 Bf5 4.Be3 Qb6 5.Qc1 e6 6.c4 Bxb1 7.Rxb1 Bb4+ 8.Kd1 Nd7
9.c5 Qd8 10.f4 Nh6 11.Nf3 Ba5 12.Bd3 Bc7 13.b4 Nf5 14.Bf2 h5 15.b5 Nf8 16.Qc2 Qd7
17.Nh4 g6 18.Nf3 Nh7 19.h3 Nf8 20.Ke2 h4 21.bxc6 bxc6 22.Rb7 Qc8 23.Rhb1 Nd7
24.Qa4 Nb8 25.Bxf5 gxf5 26.Bxh4 Bd8 27.Bf6 Rg8 28.Kf2 Nd7 29.Bxd8 Kxd8 30.Qa5+ Ke8
31.Qc7 Qxc7 32.Rxc7 Ke7 33.Rbb7 Rgd8 34.Rxc6 Rab8 35.Rcc7 Rxb7 36.Rxb7 Ke8
37.h4 Rc8 38.h5 Rc6 39.Rxa7 Rc8 40.h6 Nf8 41.Ng5 Rb8 42.Kg3 Ng6 43.h7 Kf8  1-0

[Event "Titled Tue 1st Oct Early"]
[Site "chess.com INT"]
[Date "2024.10.01"]
[Round "9"]
[White "Naroditsky,D"]
[Black "Nakamura,Hi"]
[Result "1/2-1/2"]
[WhiteElo "2619"]
[BlackElo "2802"]

1.e4 e5 2.Nf3 Nc6 3.Bb5 a6 4.Ba4 Bc5 5.Nc3 Nge7 6.d3 O-O 7.a3 d6 8.Be3 Bg4
9.Bxc6 Nxc6 10.h3 Bxf3 11.Qxf3 Nd4 12.Qd1 c6 13.O-O f5 14.exf5 Rxf5 15.Ne4 Ba7
16.c3 Ne6 17.Qg4 g6 18.Ng3 Rf6 19.Ne4 Rf5 20.Ng3 Rf6 21.Ne4 Rf5  1/2-1/2

[Event "Titled Tue 1st Oct Early"]
[Site "chess.com INT"]
[Date "2024.10.01"]
[Round "10"]
[White "Nakamura,Hi"]
[Black "Yoo,Christopher Woojin"]
[Result "1-0"]
[WhiteElo "2802"]
[BlackElo "2603"]

1.d4 Nf6 2.Bg5 d5 3.e3 c5 4.c3 Nc6 5.Nd2 Qb6 6.Qc2 Bg4 7.h3 Bh5 8.dxc5 Qxc5
9.Qb3 Rb8 10.Ngf3 e6 11.Bb5 Bd6 12.Rc1 a6 13.Be2 b5 14.Bxf6 gxf6 15.e4 Bxf3
16.Bxf3 Bf4 17.Rd1 Ne5 18.Qc2 d4 19.Be2 dxc3 20.Nb3 Qc7 21.g3 Bh6 22.f4 Nd7
23.bxc3 Rg8 24.Rd3 Nb6 25.Nd2 Rd8 26.Kf2 Qc5+ 27.Kf3 Ke7 28.Nb3 Qc7 29.Rhd1 Rxd3+
30.Rxd3 Nc4 31.Nd4 Rd8 32.Qd1 Rd6 33.Kg2 Nb2 34.Qd2 Nxd3 35.Qxd3 Qc5 36.Qe3 Ke8
37.Qf3 b4 38.e5 fxe5 39.fxe5 Qxe5 40.Qa8+ Ke7 41.Bf3 bxc3 42.Nc6+ Rxc6 43.Qxc6 Qe3
44.h4 Qd2+ 45.Kh3 c2 46.Qc7+ Kf8 47.Bh5 Qf2 48.Qc4 c1=Q 49.Qb4+ Kg7 50.Qg4+ Kf8
51.Qd4 Kg8 52.Qd8+ Bf8 53.Qd4 Bg7 54.Qxf2 Qg1 55.Qxg1 Be5 56.Qf1  1-0

[Event "Titled Tue 1st Oct Early"]
[Site "chess.com INT"]
[Date "2024.10.01"]
[Round "11"]
[White "Bortnyk,Olexandr"]
[Black "Nakamura,Hi"]
[Result "1/2-1/2"]
[WhiteElo "2608"]
[BlackElo "2802"]

1.d4 Nf6 2.Nc3 d5 3.Bf4 a6 4.e3 h6 5.Nf3 b6 6.Ne5 e6 7.a3 c5 8.Qf3 Bb7 9.g4 Nc6
10.Rd1 cxd4 11.exd4 Rc8 12.Nxc6 Rxc6 13.Bd3 Bd6 14.O-O Bxf4 15.Qxf4 g5 16.Qe5 Rg8
17.h3 h5 18.f4 Nd7 19.Qe3 hxg4 20.hxg4 gxf4 21.Rxf4 Qh4 22.Qf3 e5 23.dxe5 Nxe5
24.Qg2 Re6 25.Bf5 Re7 26.Nxd5 Bxd5 27.Qxd5 Kf8 28.Kg2 Rh8 29.Rf2 Kg7 30.Kg1 Ng6
31.Bxg6 Qg3+ 32.Qg2 Qxg2+ 33.Kxg2 fxg6 34.Rd6 Rh4 35.Kg3 g5 36.Rxb6 Re4 37.Rb7+ Kg6
38.Rb6+ Kg7 39.Rb7+ Kg6 40.Rb6+ Kg7  1/2-1/2

[Event "TechM GCL 2024"]
[Site "London ENG"]
[Date "2024.10.03"]
[Round "1.1"]
[White "Nakamura,Hi"]
[Black "Vachier Lagrave,M"]
[Result "1/2-1/2"]
[WhiteElo "2802"]
[BlackElo "2735"]

1.e4 c5 2.Nf3 d6 3.Bb5+ Bd7 4.c4 Nc6 5.Nc3 e5 6.a3 Nge7 7.d3 Ng6 8.h4 h5
9.Nd5 Be7 10.g3 a6 11.Ba4 Rb8 12.b4 b5 13.Bb3 bxc4 14.Bxc4 cxb4 15.axb4 Nxb4
16.Nxb4 Rxb4 17.Ng5 Bxg5 18.Bxg5 Qb8 19.O-O Bg4 20.f3 Be6 21.Bd2 Rxc4 22.dxc4 Bxc4
23.Rf2 O-O 24.Be3 Rd8 25.Rd2 d5 26.exd5 e4 27.d6 exf3 28.Rb1 Bb5 29.Bf2 Ne5
30.Rd5 f6 31.Rc1 Be2 32.Qc2 Qb7 33.Rc5 Qd7 34.Rc8 Qxd6 35.Qf5 Bd3 36.Rxd8+ Qxd8
37.Rc8 Bxf5 38.Rxd8+ Kh7 39.Rd6 Bd3 40.Ba7 Bb5 41.Kf2 Be2 42.Bd4 Ng4+ 43.Ke1 Bb5
44.Rd5 Kg6 45.Rc5 Nh6 46.Be3 Nf5 47.Kf2 Be2 48.g4 Nxh4 49.gxh5+ Kh7 50.Bd2 Bd3
51.Kg3 Nf5+ 52.Kxf3 Nh6 53.Rc7 Bb5 54.Ra7 Bc6+ 55.Kf2 Bb5 56.Kf3 Bc6+ 57.Kf2 Bb5
58.Kf3  1/2-1/2

[Event "TechM GCL 2024"]
[Site "London ENG"]
[Date "2024.10.04"]
[Round "2.2"]
[White "Giri,A"]
[Black "Nakamura,Hi"]
[Result "1/2-1/2"]
[WhiteElo "2728"]
[BlackElo "2802"]

1.Nf3 g6 2.d4 Nf6 3.c4 Bg7 4.Nc3 O-O 5.e4 d6 6.Be2 e5 7.O-O h6 8.Re1 Nc6
9.d5 Ne7 10.b4 a5 11.bxa5 c5 12.a4 Rxa5 13.Ra3 Ne8 14.Bd2 Ra6 15.Qc1 Kh7
16.Bd1 Bd7 17.Bc2 b6 18.Nb5 Nc8 19.g3 Bh3 20.Nh4 Na7 21.Nc3 Nc8 22.Nb5 Na7
23.Nc3 Nc8 24.Nb5 Na7  1/2-1/2

[Event "TechM GCL 2024"]
[Site "London ENG"]
[Date "2024.10.05"]
[Round "4.2"]
[White "Nakamura,Hi"]
[Black "Firouzja,Alireza"]
[Result "0-1"]
[WhiteElo "2802"]
[BlackElo "2767"]

1.e4 c5 2.Nf3 d6 3.Bb5+ Nd7 4.O-O a6 5.Be2 Ngf6 6.d3 b5 7.Nfd2 e6 8.f4 Bb7
9.a4 Be7 10.Bf3 Qc7 11.Nc3 b4 12.Ne2 Nb8 13.b3 Nc6 14.Bb2 d5 15.Qe1 O-O-O
16.Qf2 Kb8 17.Rae1 Ka8 18.Kh1 h5 19.exd5 exd5 20.Ng3 Qxf4 21.Bd1 Qc7 22.Nf5 Ng4
23.Qg3 Qxg3 24.hxg3 Bf6 25.Bxf6 gxf6 26.Nf3 Bc8 27.Ne7 Nxe7 28.Rxe7 Be6 29.Nh4 Ne3
30.Re1 Nxd1 31.Rxd1 Rhe8 32.Rxe8 Rxe8 33.Re1 Kb7 34.Kg1 Rg8 35.Kf2 Kc7 36.Nf3 Kd6
37.Nd2 Bg4 38.Nf1 Rg5 39.Ne3 Be6 40.Rh1 Ke5 41.Rh4 Bg4 42.Ke1 f5 43.Rh1 f4
44.Nxg4+ Rxg4 45.Rxh5+ Kd4 46.Rh4 Rxg3 47.Rxf4+ Kc3 48.Rf2 f5 49.Kd1 f4 50.a5 d4
51.Re2 f3 52.gxf3 Rg1+ 53.Re1 Rxe1+ 54.Kxe1 Kxc2 55.f4 c4  0-1

[Event "TechM GCL 2024"]
[Site "London ENG"]
[Date "2024.10.06"]
[Round "3.3"]
[White "Carlsen,M"]
[Black "Nakamura,Hi"]
[Result "1/2-1/2"]
[WhiteElo "2831"]
[BlackElo "2802"]

1.e4 c5 2.Nf3 g6 3.d4 cxd4 4.Nxd4 Bg7 5.c4 Nc6 6.Be3 Qb6 7.Nb5 Qa5+ 8.N5c3 Qb4
9.Qc1 d6 10.Nd2 Be6 11.Be2 Bd4 12.Bxd4 Nxd4 13.Bd3 Rc8 14.O-O Nf6 15.Re1 Ng4
16.h3 Ne5 17.Bf1 O-O 18.a3 Qb6 19.Nd5 Bxd5 20.exd5 e6 21.Ne4 f5 22.c5 dxc5
23.Ng5 Qd6 24.Qe3 Nf7 25.Nxe6 Rfe8 26.Bc4 Nd8 27.Rad1 N8xe6 28.dxe6 Re7 29.b4 b6
30.bxc5 bxc5 31.h4 f4 32.Qe4 Kg7 33.Rb1 Nf5 34.Red1 Nd4 35.h5 Kf6 36.Re1 Rce8
37.Rbd1 gxh5 38.Rd3 Rg8 39.Rh3 Rg5 40.Rh4 f3 41.Rf4+ Kg7 42.g3 h4 43.Rxh4 Rxg3+
44.Kh1 Rg6 45.Rg1 Rxe6 46.Rxg6+ Rxg6 47.Qb7+ Kf6 48.Qf7+ Kg5 49.Qxh7 Nf5
50.Rh5+ Kf4 51.Bf1 Rg5 52.Rxg5 Kxg5 53.Qxa7 Qd4 54.Kg1 Qg4+ 55.Kh2 Qh4+ 56.Kg1 Qg4+
57.Kh2 Qh4+  1/2-1/2

[Event "TechM GCL 2024"]
[Site "London ENG"]
[Date "2024.10.06"]
[Round "5.1"]
[White "Nakamura,Hi"]
[Black "Anand,V"]
[Result "1-0"]
[WhiteElo "2802"]
[BlackElo "2751"]

1.Nf3 d5 2.b3 c5 3.e3 a6 4.Bb2 Nc6 5.d4 Nf6 6.dxc5 e6 7.g3 Bxc5 8.Bg2 O-O
9.O-O Qe7 10.Ne5 Nxe5 11.Bxe5 Rd8 12.Nd2 b5 13.c4 Bb7 14.Qe2 Bb4 15.cxb5 axb5
16.Rfc1 Ba3 17.Rc7 Rd7 18.Rc2 Ba6 19.Rd1 b4 20.Qe1 Bd3 21.Rc6 Rdd8 22.Nf3 Be4
23.Qe2 Rdc8 24.Bxf6 gxf6 25.Nd4 Bg6 26.e4 dxe4 27.Bxe4 Rd8 28.Bxg6 hxg6 29.Rc2 Qd6
30.Rdd2 Rac8 31.Nc6 Rxc6 32.Rxd6 Rcxd6 33.h4 Rd5 34.Kg2 Kg7 35.Rc4 Rd2 36.Qg4 R8d5
37.Qf4 Rxa2 38.g4 Rad2 39.Rc8 R2d4 40.Qb8 Rxg4+ 41.Kh3 f5 42.f3 Rgd4 43.h5 gxh5
44.Qg3+ Kf6 45.Rg8 Rd3 46.Qg7+ Ke7 47.Rf8 Rxf3+ 48.Kg2 Rxb3 49.Rxf7+ Kd6
50.Rd7+ Kc6 51.Rc7+ Kd6 52.Qe7+ Ke5 53.Rc2 Rd4 54.Qg7+ Kd5 55.Qd7+ Ke5 56.Qc7+ Kf6
57.Re2 Rg4+ 58.Kf2 Bb2  1-0

[Event "TechM GCL 2024"]
[Site "London ENG"]
[Date "2024.10.07"]
[Round "6.3"]
[White "Anand,V"]
[Black "Nakamura,Hi"]
[Result "1/2-1/2"]
[WhiteElo "2751"]
[BlackElo "2802"]

1.e4 c5 2.Nf3 g6 3.c3 d5 4.e5 Bg4 5.Bb5+ Nc6 6.O-O Rc8 7.d4 cxd4 8.cxd4 Qb6
9.Bxc6+ Rxc6 10.Nbd2 Bf5 11.Re1 Bc2 12.Qe2 Qa6 13.Qxa6 Rxa6 14.Re3 Rc6 15.Ra3 a6
16.Nb3 e6 17.Nc5 Bd1 18.Ne1 Be2 19.Re3 Bxc5 20.dxc5 Bc4 21.Rc3 a5 22.b3 Ba6
23.Nf3 Ne7 24.Bd2 Rc8 25.Nd4 Nc6 26.Nxc6 Rxc6 27.Rcc1 a4 28.bxa4 d4 29.Rab1 O-O
30.Rb6 Rfc8 31.Rxc6 Rxc6 32.f3 Kf8 33.a5 Ke8 34.Kf2 Kd7 35.Bb4 Rc8 36.Rd1 d3
37.Ke3 Kc6 38.a4 Rd8 39.f4 h5 40.h4 Bc4 41.Bd2  1/2-1/2

[Event "Titled Tue 8th Oct Late"]
[Site "chess.com INT"]
[Date "2024.10.08"]
[Round "1"]
[White "Nakamura,Hi"]
[Black "Janeczko,Jakub"]
[Result "1-0"]
[WhiteElo "2802"]
[BlackElo "2326"]

1.e4 c5 2.Nf3 d6 3.c3 Nf6 4.Bd3 g6 5.Bc2 Bg7 6.h3 O-O 7.O-O e5 8.a3 d5 9.d3 Nc6
10.b4 d4 11.bxc5 Nd7 12.cxd4 exd4 13.a4 Nxc5 14.Ba3 b6 15.Nbd2 Re8 16.Bxc5 bxc5
17.Bb3 Nb4 18.Bc4 Be6 19.Bxe6 Rxe6 20.Nc4 Qc7 21.Ne1 Rf8 22.Nc2 Nc6 23.f4 f5
24.e5 g5 25.g3 gxf4 26.gxf4 Rg6+ 27.Kh1 Nd8 28.Qf3 Ne6 29.N2a3 Bh6 30.Nb5 Qd8
31.Rg1 Qh4 32.Rxg6+ hxg6 33.Rg1 Nxf4 34.Qg3 Qxg3 35.Rxg3 Kf7 36.Nc7 Rb8 37.Rg1 Rb3
38.e6+ Ke7 39.Ne5 Bg7 40.Nxg6+ Nxg6 41.Rxg6 Bf8 42.Nd5+ Ke8 43.Rg8 Rb1+ 44.Kg2 Rb2+  1-0

[Event "Titled Tue 8th Oct Late"]
[Site "chess.com INT"]
[Date "2024.10.08"]
[Round "2"]
[White "Poltorak,Sebastian"]
[Black "Nakamura,Hi"]
[Result "0-1"]
[WhiteElo "2372"]
[BlackElo "2802"]

1.e4 c6 2.Nc3 d5 3.Nf3 Bg4 4.h3 Bxf3 5.Qxf3 e6 6.Be2 g6 7.d4 Bg7 8.Be3 Ne7
9.g4 Nd7 10.h4 h6 11.O-O-O b5 12.exd5 exd5 13.h5 g5 14.Bd3 O-O 15.Ne2 f5
16.gxf5 Nb6 17.Ng3 Nc4 18.Rhe1 Qd7 19.Kb1 Rae8 20.Bc1 Nd6 21.c3 b4 22.Bd2 bxc3
23.Bxc3 Kh8 24.Bc2 Ng8 25.Bb4 Rb8 26.Bxd6 Qxd6 27.f6 Nxf6 28.Nf5 Qb4 29.b3 Rb7
30.Qd3 Ne4 31.Ng3 Nf6 32.Re6 c5 33.Rde1 Qxd4 34.Qxd4 cxd4 35.Re7 Rf7 36.Rxb7 Rxb7
37.Bd3 Rf7 38.Nf5 Nxh5 39.Re8+ Bf8 40.Nxh6 Rxf2 41.Ng4 Rf3 42.Be2 Rf4 43.Ne5 Kg7
44.Bxh5 Rf2 45.Bg6 Ba3 46.Bd3 Rb2+ 47.Ka1 Rd2 48.Kb1 Rb2+ 49.Ka1 g4 50.Re7+ Kf6
51.Re8 Rg2 52.Nd7+ Kf7 53.Re1 Bb4 54.Rf1+ Ke6 55.Kb1 Kxd7 56.Rf5 Kd6 57.Rg5 Ba3
58.Rg6+ Ke5 59.Rg5+ Kf4 60.Rxd5 Ke3 61.Bf5 Rg1+ 62.Kc2 Rc1+  0-1